Operations Research: An Introduction (Record no. 35)

MARC details
000 -LEADER
fixed length control field 00390nam a22001577a 4500
005 - DATE AND TIME OF LATEST TRANSACTION
control field 20260508112620.0
008 - FIXED-LENGTH DATA ELEMENTS--GENERAL INFORMATION
fixed length control field 160426b xxu||||| |||| 00| 0 eng d
020 ## - INTERNATIONAL STANDARD BOOK NUMBER
ISBN 978-81-317-1104-0
041 ## - LANGUAGE CODE
Language code of text/sound track or separate title eng
082 ## - DEWEY DECIMAL CLASSIFICATION NUMBER
Classification number 658.5
100 ## - MAIN ENTRY--AUTHOR NAME
Personal name Tana, Hamdy A
245 ## - TITLE STATEMENT
Title Operations Research: An Introduction
260 ## - PUBLICATION, DISTRIBUTION, ETC. (IMPRINT)
Place of publication New Delhi
Name of publisher Pearson Prantics Hall,
Year of publication 2009
300 ## - PHYSICAL DESCRIPTION
Number of Pages 775
942 ## - ADDED ENTRY ELEMENTS (KOHA)
Koha item type Books
Holdings
Lost status Damaged status Collection code Home library Current library Shelving location Date acquired Full call number Accession Number Koha item type
    MANAGEMENT JRU Library JRU Library SHELF-76-F 26/04/2016 658.5 00133 Books